Технологическое проектирование строительства магистральных трубопроводов: справочник

Dades bibliogràfiques
Altres autors: Бармин В. И. Валентин Иванович (редактор)
Idioma:rus
Publicat: Москва, Недра, 1992
Matèries:
Format: MixedMaterials Llibre
KOHA link:https://koha.lib.tpu.ru/cgi-bin/koha/opac-detail.pl?biblionumber=164857

MARC

LEADER 00000nam0a2200000 4500
001 164857
005 20231031161512.0
010 |a 5247024850 
020 |a RU  |b 92-7531 
035 |a (RuTPU)RU\TPU\book\178852 
090 |a 164857 
100 |a 20090911d1992 km y0rusy5003 ca 
101 0 |a rus 
102 |a RU 
105 |a a g 001zy 
200 1 |a Технологическое проектирование строительства магистральных трубопроводов  |e справочник  |f под ред. В. И. Бармина 
210 |a Москва  |c Недра  |d 1992 
215 |a 288 с.  |c ил. 
320 |a Библиогр.: с. 286. 
610 1 |a магистральные трубопроводы 
610 1 |a строительство 
610 1 |a проектирование 
610 1 |a документация 
610 1 |a подготовительные работы 
610 1 |a трубы 
610 1 |a сварка 
610 1 |a грунты 
610 1 |a разработка 
610 1 |a изоляция 
610 1 |a укладка 
610 1 |a справочники 
675 |a 622.692.4.07(035)  |v 3 
702 1 |a Бармин  |b В. И.  |g Валентин Иванович  |4 340 
801 0 |a RU  |b RuMRKP  |c 19950417  |g psbo 
801 1 |a RU  |b 63413507  |c 20090911 
801 2 |a RU  |b 63413507  |c 20190618  |g RCR 
942 |c BK